LEADER 00833cam0 2200241 450 001 E600200026349 005 20151014095349.0 100 $a20070403d2006 |||||ita|0103 ba 101 $aeng 102 $aUS 200 1 $a<>Architecture of Aftermath$fTerry Smith 210 $aChicago$aLondon$cThe University of Chicago Press$d2006 215 $aXIV, 246 p.$cill.$d25 cm 700 1$aSmith$b, Terry$3A600200041425$4070$0117012 801 0$aIT$bUNISOB$c20151014$gRICA 850 $aUNISOB 852 $aUNISOB$jFondo|Petrillo$m134288 912 $aE600200026349 940 $aM 102 Monografia moderna SBN 941 $aM 957 $aFondo|Petrillo$b000008$gRIS$d134288$hPetrillo$racquisto$1catenacci$2UNISOB$3UNISOB$420070403084012.0$520151014095335.0$6catenacci 996 $aArchitecture of Aftermath$91686502 997 $aUNISOB